000 01732cam a22002174a 4500
005 20250605164035.0
008 250528s ||||||||||||||||||||||||d
035 _a16792
020 _a9600304165
040 _aGR-AtMCL
_bgre
_dGR-AtMCL
_eAACR2
245 1 _aΘέματα Παιδικής Λογοτεχνίας / Συζητήσεις
250 _a1
260 _bΚαστανιώτη,
_c1990
300 _a246
505 0 _aΕισαγωγή, Έλλη Αλεξίου, Ιωάννα Αναγνώστου-Μπουλουβάλα, Γιώργος Βάρλαμος, Δημήτρης Γιάκος, Γεωργία Δεληγίαννα-Αναστασιάδη, Κωνσταντίνος Δερμετζής, Ρένα Καρθαίου, Ξένη Κερασιώτη, Πηνελόπη Μαξίμου, Πώλ Μένεστρελ, Λίλη Πεζοπούλου, Τατιάνα Σταύρου, Καλλιόπη Σφαέλου, Γεωργία Ταρσούλη, Φωτεινή Τζωρτζάκη, Πιπίνα Τσιμικάλη.
520 _aΕισαγωγή, Έλλη Αλεξίου, Ιωάννα Αναγνώστου-Μπουλουβάλα, Γιώργος Βάρλαμος, Δημήτρης Γιάκος, Γεωργία Δεληγίαννα-Αναστασιάδη, Κωνσταντίνος Δερμετζής, Ρένα Καρθαίου, Ξένη Κερασιώτη, Πηνελόπη Μαξίμου, Πώλ Μένεστρελ, Λίλη Πεζοπούλου, Τατιάνα Σταύρου, Καλλιόπη Σφαέλου, Γεωργία Ταρσούλη, Φωτεινή Τζωρτζάκη, Πιπίνα Τσιμικάλη.
700 1 _aΑναγνωστόπουλος Β.Δ
_92882
942 _cBK
999 _c2255
_d2255